00321nam a2200109Ia 4500008004100000082000800041100002400049245002200073942000600095952009500101999001500196240331s9999 xx 000 0 und d bNAM aNamboodripad, E.M.S 0aVethankalin naadu cL 001040708LaWERCLbWERCLcSSCd2024-03-31l0o 306 NAMp1191r2024-03-31w2024-03-31yL c2133d2133